000 00922cam a2200229 4500
001 WB3738-11
008 011009n2001 000 0 eng u
035 _a(Sirsi) u115043
245 _aARLA seeks government support
260 _c2001
490 _aNegotiator
_v16(20) 5 October 2001, 8(1)
520 _aThe Association of Residential Letting Agents (ARLA) calls for government backing to ensure continued growth in the private rental sector. Buy-to-let has developed the sector, but ARLA also wants the housing benefit system to change and government assurance that legislation against flat sharers is not introduced.
590 _aWB
650 _aARLA
650 _aASSOCIATION OF RESIDENTIAL LETTING AGENTS
650 _aHOUSING BENEFIT
650 _aHOUSES IN MULTIPLE OCCUPATION
650 _aPRIVATE RENTED SECTOR
650 _aBUY-TO-LET
690 _aHOUSING-PRIVATE RENTED SECTOR
942 _n0
999 _c68520
_d68520